000 00499pam a2200205 i 4500
001 1319526
005 20180220094605.0
008 780907s1979 caua 001 0 eng
010 _a 78010744
020 _a0716710471
040 _aDLC
_cDLC
_dDLC
041 _aeng
080 _a512.9042 HAR
082 0 0 _a512.9042 HAR
100 1 _a36
101 _aMAT
245 1 0 _aElementary algebra /
_cHarold R. Jacobs.
906 _a7
_bcbc
_corignew
_d1
_eocip
_f19
_gy-gencatlg
942 _2ddc
_cBK
999 _c42966
_d42966